[Event "Titled Tuesday intern op 29th Aug Early"]
[Site "Chess.com INT"]
[Date "2023.08.29"]
[Round "9"]
[White "Degenbaev, Aziz"]
[Black "Ashraf, Artin"]
[Result "0-1"]
[WhiteElo "2242"]
[BlackElo "2352"]
[PlyCount "72"]
[EventDate "2023.08.29"]
[EventType "swiss (blitz)"]
[EventRounds "11"]
[EventCountry "USA"]
[SourceTitle "EXT 2024"]
[Source "ChessBase"]
[SourceDate "2023.10.10"]
[SourceVersion "1"]
[SourceVersionDate "2023.10.10"]
[SourceQuality "1"]

1. e4 c5 2. Nf3 d6 3. Bb5+ Nd7 4. 0-0 a6 5. Bxd7+ Bxd7 6. c3 Nf6 7. Re1 Bc6 8. d4 Bxe4 9. Bg5 Bc6 10. Bxf6 gxf6 11. d5 Bd7 12. Nbd2 f5 13. Nc4 Qc7 14. a4 Rg8 15. Qc2 b6 16. Nh4 Rg4 17. Nxf5 Rxc4 18. Nxe7 Kd8 19. Qe2 Rf4 20. g3 Rf6 21. Rad1 Bxa4 22. Nc6+ Bxc6 23. dxc6 Qxc6 24. Qe5 Re6 25. Qg5+ Kc7 26. Qf5 Rxe1+ 27. Rxe1 Qd7 28. Qd5 Re8 29. Rd1 Qe6 30. Qf3 Re7 31. Ra1 a5 32. b4 Qe4 33. Qf6 Qe5 34. Qf3 cxb4 35. Rd1 Qxc3 36. Qf4 Re1+ 0-1

[Event "Titled Tuesday intern op 29th Aug Early"]
[Site "Chess.com INT"]
[Date "2023.08.29"]
[Round "2"]
[White "Warmerdam, Max"]
[Black "Degenbaev, Aziz"]
[Result "1-0"]
[WhiteElo "2633"]
[BlackElo "2242"]
[PlyCount "121"]
[EventDate "2023.08.29"]
[EventType "swiss (blitz)"]
[EventRounds "11"]
[EventCountry "USA"]
[SourceTitle "EXT 2024"]
[Source "ChessBase"]
[SourceDate "2023.10.10"]
[SourceVersion "1"]
[SourceVersionDate "2023.10.10"]
[SourceQuality "1"]

1. Nf3 Nf6 2. g3 g6 3. Bg2 Bg7 4. c4 c5 5. Nc3 0-0 6. d4 d6 7. dxc5 dxc5 8. Ne5 Qxd1+ 9. Nxd1 Nbd7 10. Nd3 e5 11. Nc3 Rb8 12. e4 b6 13. h3 Bb7 14. Be3 Rfe8 15. 0-0-0 Nf8 16. b3 Bc6 17. Rd2 N6d7 18. h4 Ne6 19. h5 Nd4 20. h6 Bh8 21. Nd5 Nf6 22. Bg5 Nxd5 23. exd5 Bd7 24. Rdd1 f5 25. Rhe1 e4 26. Nf4 b5 27. cxb5 Rxb5 28. Bf1 Rb4 29. Bc4 Nf3 30. d6+ Rxc4+ 31. bxc4 Nxg5 32. Re3 Bd4 33. Ra3 Ra8 34. Kc2 Ne6 35. Nd5 Kf7 36. Rb1 Bc6 37. Ra6 Bxd5 38. cxd5 Nd8 39. Rb5 Bxf2 40. Rba5 Bxg3 41. Rxa7+ Rxa7 42. Rxa7+ Kf6 43. Rxh7 Bxd6 44. Rd7 Nf7 45. h7 Be5 46. d6 Ke6 47. Re7+ Kf6 48. Rd7 Ke6 49. Re7+ Kf6 50. Re8 Kg7 51. d7 Bf6 52. a4 Bd8 53. a5 Bf6 54. a6 f4 55. a7 f3 56. a8Q f2 57. Rg8+ Kh6 58. h8Q+ Nxh8 59. Rxh8+ Bxh8 60. Qxh8+ Kg5 61. d8Q+ 1-0

[Event "Speed Chess Q2 Sw"]
[Site "Chess.com INT"]
[Date "2023.08.23"]
[Round "9"]
[White "Balaji, Aaravamudhan"]
[Black "Degenbaev, Aziz"]
[Result "1-0"]
[WhiteElo "2334"]
[BlackElo "2242"]
[PlyCount "73"]
[EventDate "2023.08.23"]
[EventType "swiss (blitz)"]
[EventRounds "14"]
[EventCountry "USA"]
[SourceTitle "CBM 215 Extra"]
[Source "ChessBase"]
[SourceDate "2023.09.30"]
[SourceVersion "1"]
[SourceVersionDate "2023.09.30"]
[SourceQuality "1"]

1. b4 Nf6 2. Bb2 g6 3. e3 Bg7 4. c4 0-0 5. Nf3 d6 6. d4 b6 7. Be2 Bb7 8. 0-0 Nbd7 9. Nc3 c5 10. a3 Ne4 11. Qc2 Nxc3 12. Bxc3 e5 13. dxe5 Nxe5 14. Nxe5 dxe5 15. bxc5 bxc5 16. Rab1 Bc6 17. Rfd1 Qg5 18. e4 f5 19. Bf3 Rad8 20. Bd2 f4 21. Ba5 Rd4 22. Bc3 Rdd8 23. Qb2 Rde8 24. Rd6 Ba8 25. Qb5 Rc8 26. Qd7 Rfd8 27. Qe6+ Kh8 28. Rbd1 Re8 29. Qd7 Rf8 30. Qxa7 Bxe4 31. Bxe4 f3 32. g3 Qg4 33. Bd3 Rcd8 34. Bf1 Rxd6 35. Rxd6 Qh5 36. Rd7 Bh6 37. Re7 1-0

[Event "Speed Chess Q2 Sw"]
[Site "Chess.com INT"]
[Date "2023.08.23"]
[Round "2"]
[White "Degenbaev, Aziz"]
[Black "Rouast, Joseph"]
[Result "1-0"]
[WhiteElo "2242"]
[BlackElo "2135"]
[PlyCount "39"]
[EventDate "2023.08.23"]
[EventType "swiss (blitz)"]
[EventRounds "14"]
[EventCountry "USA"]
[SourceTitle "CBM 215 Extra"]
[Source "ChessBase"]
[SourceDate "2023.09.30"]
[SourceVersion "1"]
[SourceVersionDate "2023.09.30"]
[SourceQuality "1"]

1. e4 e5 2. Nf3 Nf6 3. Nxe5 d6 4. Nf3 Nxe4 5. Nc3 Nxc3 6. dxc3 Be6 7. Bf4 Be7 8. Qd2 0-0 9. 0-0-0 a5 10. Bd3 a4 11. h4 Bxa2 12. Qe2 Nd7 13. Bg5 Re8 14. Bxe7 Qxe7 15. Qd2 Bd5 16. Bxh7+ Kxh7 17. Qxd5 a3 18. bxa3 Rxa3 19. Rhe1 Qd8 20. Ng5+ 1-0

[Event "Speed Chess Q2 Sw"]
[Site "Chess.com INT"]
[Date "2023.08.23"]
[Round "10"]
[White "Degenbaev, Aziz"]
[Black "Sai, Han Thiha"]
[Result "1-0"]
[WhiteElo "2242"]
[BlackElo "2122"]
[PlyCount "109"]
[EventDate "2023.08.23"]
[EventType "swiss (blitz)"]
[EventRounds "14"]
[EventCountry "USA"]
[SourceTitle "CBM 215 Extra"]
[Source "ChessBase"]
[SourceDate "2023.09.30"]
[SourceVersion "1"]
[SourceVersionDate "2023.09.30"]
[SourceQuality "1"]

1. e4 c6 2. Nc3 d5 3. Qf3 dxe4 4. Nxe4 Nf6 5. Bc4 e6 6. Ne2 Nxe4 7. Qxe4 Nd7 8. d4 Nf6 9. Qh4 Qa5+ 10. Bd2 Bb4 11. c3 Bd6 12. 0-0-0 Qh5 13. Qxh5 Nxh5 14. g4 Nf6 15. f3 b5 16. Bd3 Bb7 17. h4 Nd5 18. h5 a6 19. h6 g6 20. Rhf1 0-0-0 21. f4 f5 22. g5 c5 23. Kb1 c4 24. Bc2 Rhe8 25. Ng1 a5 26. b3 Nb6 27. bxc4 Nxc4 28. Bd3 Bd5 29. Bc1 Kd7 30. Nf3 Rb8 31. Ne5+ Bxe5 32. dxe5 Kc6 33. Kc2 Nb6 34. Be3 Bxa2 35. Ra1 Bc4 36. Rxa5 Red8 37. Bxc4 Nxc4 38. Ra6+ Kd5 39. Bc1 b4 40. cxb4 Rdc8 41. Kb3 Rb6 42. Rxb6 Nxb6 43. Be3 Nc4 44. Rd1+ Ke4 45. Bc5 Kxf4 46. Kxc4 Kxe5 47. b5 Kf4 48. b6 e5 49. Kb5 e4 50. b7 Re8 51. Bd6+ Kf3 52. b8Q Rxb8+ 53. Bxb8 e3 54. Bc7 e2 55. Rc1 1-0

[Event "Speed Chess Q2 Sw"]
[Site "Chess.com INT"]
[Date "2023.08.23"]
[Round "12"]
[White "Iskusnyh, Sergei"]
[Black "Degenbaev, Aziz"]
[Result "1-0"]
[WhiteElo "2440"]
[BlackElo "2242"]
[PlyCount "73"]
[EventDate "2023.08.23"]
[EventType "swiss (blitz)"]
[EventRounds "14"]
[EventCountry "USA"]
[SourceTitle "CBM 215 Extra"]
[Source "ChessBase"]
[SourceDate "2023.09.30"]
[SourceVersion "1"]
[SourceVersionDate "2023.09.30"]
[SourceQuality "1"]

1. d4 Nf6 2. c4 g6 3. g3 Bg7 4. Bg2 c5 5. dxc5 Na6 6. Nc3 Nxc5 7. Nh3 0-0 8. 0-0 d6 9. Nf4 Rb8 10. Bd2 Bf5 11. Rc1 a6 12. b4 Ne6 13. Nfd5 Nxd5 14. Nxd5 Nc7 15. e4 Bd7 16. Nb6 Bc6 17. Be3 Ne6 18. Qd2 h5 19. Rfd1 h4 20. Nd5 b5 21. c5 dxc5 22. bxc5 a5 23. gxh4 b4 24. Kh1 Ba4 25. Rg1 Kh7 26. h5 b3 27. axb3 Rxb3 28. c6 Rb2 29. Qd3 Nc7 30. Bd4 Bb5 31. hxg6+ fxg6 32. Qh3+ Kg8 33. Bxg7 Kxg7 34. Qc3+ Kh7 35. Qxb2 Nxd5 36. exd5 Bd3 37. Qe5 1-0

[Event "Speed Chess Q2 Sw"]
[Site "Chess.com INT"]
[Date "2023.08.23"]
[Round "1"]
[White "Sargsyan, Shant"]
[Black "Degenbaev, Aziz"]
[Result "1-0"]
[WhiteElo "2639"]
[BlackElo "2242"]
[PlyCount "141"]
[EventDate "2023.08.23"]
[EventType "swiss (blitz)"]
[EventRounds "14"]
[EventCountry "USA"]
[SourceTitle "CBM 215 Extra"]
[Source "ChessBase"]
[SourceDate "2023.09.30"]
[SourceVersion "1"]
[SourceVersionDate "2023.09.30"]
[SourceQuality "1"]

1. c4 Nf6 2. g3 g6 3. Bg2 Bg7 4. Nc3 c5 5. Nf3 d6 6. 0-0 0-0 7. a3 Nc6 8. Rb1 a6 9. b4 cxb4 10. axb4 Rb8 11. b5 axb5 12. Rxb5 b6 13. d3 Bd7 14. Rb1 Ng4 15. Bd2 Nge5 16. Nxe5 Nxe5 17. Nd5 b5 18. cxb5 Rxb5 19. Rxb5 Bxb5 20. Qb3 Bc6 21. Rc1 e6 22. Ne3 Bxg2 23. Nxg2 Qa8 24. h4 Rb8 25. Qc2 d5 26. h5 Ng4 27. Ne3 Nxe3 28. Bxe3 gxh5 29. Qc7 d4 30. Bf4 Rd8 31. Bg5 Rb8 32. Bf4 Rd8 33. Qe7 Re8 34. Qg5 Qd5 35. Qxd5 exd5 36. Kf1 Bf8 37. Rc7 Be7 38. Rd7 h4 39. Rxd5 hxg3 40. fxg3 Bf6 41. Kf2 Bg7 42. Kf3 h6 43. g4 Kh7 44. Rd7 Kg6 45. Rd6+ Kh7 46. Rc6 Re7 47. Rc4 Re8 48. Rc7 Kg6 49. Rd7 Re6 50. Bc1 Re8 51. Bb2 Re3+ 52. Kf2 Rh3 53. Bxd4 Rh2+ 54. Kf3 Bxd4 55. Rxd4 h5 56. gxh5+ Rxh5 57. Rd6+ f6 58. Ke3 Kf7 59. Ra6 Rh3+ 60. Kd4 Kg6 61. e4 Kg5 62. Ra5+ Kg6 63. Kc4 Rf3 64. Ra1 f5 65. e5 f4 66. Re1 Re3 67. Rxe3 fxe3 68. Kc3 Kf5 69. d4 Ke4 70. e6 Kf3 71. e7 1-0